000 00412cam a22001337a 4500
008 180718b1992 xxu||||| |||| 00| 0 eng d
082 _aA99 T641
100 _aNagarajan, K.
245 _aSir Alexander Tottenham
_cby K. Nagarajan
260 _aTamilnadu
_bN. Ramachandran
_c1992
300 _a129p.
650 _aCivil service - Personal narratives
650 _aTottenham, Alexander - Criticism and interpretation
999 _c339992
_d339992